00851nam a2200277 i 4500001000300000100001900003245006600022260003600088300002500124490003300149504001200182650003800194650001500232655001800247830002900265020001500294040000800309041001100317080001500328920001800343942000700361008004100368999001700409856009800426952004900524bg1 aMOMJIAN, Bruce10aPostgreSQL /cBruce Momjian ; [przekł. Henryk Westwalewicz]. aWrocław :b"Robomatic",c2001. aVI, 475 s. ;c24 cm.1 aBiblioteka Problemów ;v14 aIndeks. 9aBaza danychxbudowa i organizacja 9aPostgreSQL aPodręczniki aBiblioteka Problemów ; a8387150177 cBPK1 aplben a004.65(07) a83-87150-17-7 cKS s pl f |000 0 pol  c42362d42362 uhttp://koha.tu.koszalin.pl/cgi-bin/koha/opac-detail.pl?biblionumber=42362yKatalog online BPK 00104070aBPKbBPKcwo66545p01984194yKS